<?xml version="1.0" encoding="UTF-8"?>
<collection xmlns:xsi="http://www.w3.org/2001/XMLSchema-instance" xsi:schemaLocation="http://www.loc.gov/MARC21/slim http://www.loc.gov/standards/marcxml/schema/MARC21slim.xsd" xmlns="http://www.loc.gov/MARC21/slim">
 <record>
  <leader>00000ctm a22000003a 4500</leader>
  <controlfield tag="001">UP-99796217612991798</controlfield>
  <controlfield tag="003">Buklod</controlfield>
  <controlfield tag="005">20190326175837.0</controlfield>
  <controlfield tag="006">t    gr     000 0 </controlfield>
  <controlfield tag="007">ta</controlfield>
  <controlfield tag="008">190326s2013    xx     d     r    |||| u|</controlfield>
  <datafield tag="035" ind1=" " ind2=" ">
   <subfield code="a">(iLib)UPD-00397771416</subfield>
  </datafield>
  <datafield tag="040" ind1=" " ind2=" ">
   <subfield code="a">DMC</subfield>
   <subfield code="e">rda</subfield>
  </datafield>
  <datafield tag="041" ind1=" " ind2=" ">
   <subfield code="a">fil</subfield>
   <subfield code="a">eng</subfield>
  </datafield>
  <datafield tag="100" ind1="1" ind2=" ">
   <subfield code="a">Manalo, Katherine Mempin</subfield>
   <subfield code="e">author.</subfield>
  </datafield>
  <datafield tag="245" ind1="1" ind2="0">
   <subfield code="a">Jueteng na naman</subfield>
   <subfield code="b">pagsuri sa pag-uulat ukol sa jueteng ng mga piling pahayagan mula 2010 hanggang 2012</subfield>
   <subfield code="c">Katherine Mempin Manalo ; Danilo A. Arao, adviser.</subfield>
  </datafield>
  <datafield tag="264" ind1=" " ind2="1">
   <subfield code="c">2013</subfield>
  </datafield>
  <datafield tag="300" ind1=" " ind2=" ">
   <subfield code="a">xiii, 77 leaves</subfield>
   <subfield code="b">color illustrations</subfield>
  </datafield>
  <datafield tag="336" ind1=" " ind2=" ">
   <subfield code="a">text</subfield>
   <subfield code="2">rdacontent</subfield>
  </datafield>
  <datafield tag="337" ind1=" " ind2=" ">
   <subfield code="a">unmediated</subfield>
   <subfield code="2">rdamedia</subfield>
  </datafield>
  <datafield tag="338" ind1=" " ind2=" ">
   <subfield code="a">volume</subfield>
   <subfield code="2">rdacarrier</subfield>
  </datafield>
  <datafield tag="500" ind1=" " ind2=" ">
   <subfield code="a">Vita.</subfield>
  </datafield>
  <datafield tag="502" ind1=" " ind2=" ">
   <subfield code="a">Thesis (A.B. Journalism)--University of the Philippines Diliman</subfield>
   <subfield code="d">April 2013.</subfield>
  </datafield>
  <datafield tag="506" ind1=" " ind2=" ">
   <subfield code="a">Available to the general public.</subfield>
  </datafield>
  <datafield tag="520" ind1="3" ind2=" ">
   <subfield code="a">&quot;Samantalang pangkaraniwan ang operasyon nito sa komunidad, iskandalo ang jueteng sa pambansang antas. Bukod sa masugid na pagtangkilik ng mga parokyano, sinasabing dahilan ng pagpatuloy nito ang pagprotekta rito ng mga nasa kapangyarihan. Bukod sa personal na karanasan, nakadepende ang publiko sa midya para sa impormasyong huhubog sa kanilang pagpapasiya ukol sa isyu. Layunin ng pag-aaral na ito na suriin ang pagtalakay ng midya sa jueteng at alamin ang papel nito sa pagpuksa ng sugal. Ginabayan ng mga teoryang gateheeping at agenda-setting, isinagawa ang kantitibo at kwalitatibong content analysis sa mga balita ukol sa jueteng na nalathala sa Philippine Daily Inquirer, Manila Bulletin at Sunstar Pampanga. Nagsagawa rin ng panayam sa mga mamamahayag at patnugot upang alamin ang kanilang mga konsiderasyon sa pag-uulat ukol sa jueteng. Napansin ang pokus ng mga inaral na pahayagan sa mga personalidad at baging kaganapan kaugnay ng jueteng samantalang kakarampot ang paglalaan ng mga ito sa pagsasakonteksto ng pangyayari. Nalimita ang mga pahayagan sa payak na pagtukoy sa jueteng bilang ilegal na aktibidad habang nakaligtaan ng mga ito ang pagpapaliwanag ng katuturan ng isyu, kaligiran nito at kasaysayan, at mga implikasyon nito sa lipunan. Iminumungkahi ng pag-aaral ang dagdag na pagtuon sa kontekstwalisasyon upang mas mapairal ng midya ang kabuluhan ng usapin at makapaghain ito ng masaganang batayan para sa ikaiinam ng pagpapalagay ng mamamayan.&quot;</subfield>
  </datafield>
  <datafield tag="650" ind1=" " ind2="0">
   <subfield code="a">Gambling and crime.</subfield>
  </datafield>
  <datafield tag="650" ind1=" " ind2="0">
   <subfield code="a">Lotteries</subfield>
   <subfield code="x">Press coverage.</subfield>
  </datafield>
  <datafield tag="650" ind1=" " ind2="0">
   <subfield code="a">Lotteries</subfield>
   <subfield code="z">Philippines.</subfield>
  </datafield>
  <datafield tag="650" ind1=" " ind2="0">
   <subfield code="a">Philippine newspapers.</subfield>
  </datafield>
  <datafield tag="700" ind1="1" ind2=" ">
   <subfield code="a">Arao, Danilo A.</subfield>
   <subfield code="e">adviser.</subfield>
  </datafield>
  <datafield tag="710" ind1="2" ind2=" ">
   <subfield code="a">University of the Philippines.</subfield>
   <subfield code="b">College of Mass Communication.</subfield>
  </datafield>
  <datafield tag="905" ind1=" " ind2=" ">
   <subfield code="a">FI</subfield>
  </datafield>
  <datafield tag="905" ind1=" " ind2=" ">
   <subfield code="a">UP</subfield>
  </datafield>
  <datafield tag="852" ind1="0" ind2=" ">
   <subfield code="a">UPD</subfield>
   <subfield code="b">DMC</subfield>
   <subfield code="h">LG 993.5 2013</subfield>
   <subfield code="i">M3 M36</subfield>
  </datafield>
  <datafield tag="942" ind1=" " ind2=" ">
   <subfield code="a">Thesis</subfield>
  </datafield>
 </record>
</collection>
